Statistics for Middle Earth - with map

Click here to take the quiz!

General Stats

  • This quiz has been taken 854 times
  • The average score is 12 of 16

Answers on the Map

Answers color-coded by a green-red scale on the quiz's map according to % correct below.
 

Answer Stats

Answer% Correct
Mordor
97%
Gondor
96%
The Shire
95%
Rohan
94%
Erebor
83%
Rivendell
81%
Isengard
80%
Lórien
77%
Woodland Realm
76%
Moria
74%
Fangorn
72%
Rhûn
58%
Harad
57%
Dale
53%
Lindon
39%
Khand
33%

Score Distribution

Percentile by Number Answered

Percent of People with Each Score

Your Score History

You have not taken this quiz